MLB Teams By City Population - Statistics

General Stats
  • This quiz has been taken 31 times
    21 since last reset
  • The average score is 7 of 26
Answer Stats
Population Team % Correct
3.8 Million Dodgers/Angels
95%
8.3 Million Yankees/Mets
95%
2.6 Million Cubs/White Sox
63%
2.3 Million Astros
53%
1.5 Million Phillies
42%
1.6 Million Diamondbacks
37%
762 Thousand Mariners
26%
1.3 Million Padres
26%
392 Thousand Rangers
21%
620 Thousand Tigers
21%
499 Thousand Braves
16%
563 Thousand Brewers
16%
286 Thousand Cardinals
16%
808 Thousand Giants
16%
455 Thousand Marlins
16%
671 Thousand Nationals
16%
654 Thousand Red Sox
16%
713 Thousand Rockies
16%
398 Thousand Rays
11%
308 Thousand Reds
11%
478 Thousand Royals
11%
424.5 Thousand Athletics
5%
361 Thousand Guardians
5%
302 Thousand Pirates
5%
424.3 Thousand Twins
5%
569 Thousand Orioles
0%
No matching quizzes found
Score Distribution
Percent of People with Each Score
Percentile by Number Answered
Your Score History
You have not taken this quiz since the last reset